Vampires - Culture générale - Statistiques

Statistiques générales
  • Ce quiz a été pris 16 100 fois
    13 103 depuis la dernière actualisation
  • Le résultat moyen est 13 sur 20
Statistiques - réponses
Description Réponse % Correct
Boisson favorite des vampires (attention à votre cou !) Sang
100%
Un vampire dort traditionnellement dans un... Cercueil
96%
Les vampires sortent la nuit car ils craignent... La lumière du soleil
96%
Animaux volants, souvent associés aux vampires Chauves-souris
95%
Ce qu'ils ont de long, et qui leur permet de se nourrir Leurs dents
95%
Célèbre Comte vampire créé en 1897 par Bram Stoker Dracula
92%
Chose que les vampires n'ont pas, dans un miroir Reflet
92%
Plantes potagères dont le bulbe fait fuir les vampires De l'ail
91%
Cette eau sacrée vous débarrassera d'eux Eau bénite
85%
Arme de bois que l'on plante dans le cœur d'un vampire pour le tuer Pieu
82%
Série de romans romantiques fantastiques signée Stephenie Meyer Twilight
60%
Tueuse de vampires jouée par Sarah Michelle Gellar dans une sériedes années 90 Buffy
56%
Vampire principal de l'histoire, amoureux de Bella Swan Edward Cullen
56%
Croix religieuse utilisée pour repousser les vampires Crucifix
55%
Prince de Valachie qui a inspiré la création de ce personnage Vlad III l'Empaleur
38%
Premier roman des Chroniques des vampires d'Anne Rice, adapté à l'écran en 1994 avec Tom Cruise et Brad Pitt {Entretien} avec un Vampire
36%
Film muet allemand de 1922, librement adapté du roman de Stoker.Il fut réadapté en 2024. Nosferatu le vampire
33%
Acteur britannique qui interpréta ce même comte 9 fois au cinéma Christopher {Lee}
26%
Série de jeux vidéo débutée en 1986, mettant en scène les personnagesde Simon Belmont et Alucard Castlevania
22%
Acteur hongro-américain de légende qui interpréta ce comte en 1931 Béla {Lugosi}
10%
Aucun quiz correspondant
Distribution des résultats
% des personnes avec chaque résultat
Percentile par nombre de réponses
Votre historique - résultats
Vous n’avez pas pris ce quiz depuis la dernière actualisation